Among Us Sabotages - Statistics

General Stats
  • This quiz has been taken 3 times
  • The average score is 6 of 10
Answer Stats
Which Maps? Answer % Correct
The Skeld, Mira HQ, Polus, The Airship, The Fungle, Submerged Fix Lights
100%
The Fungle Mushroom Mixup
100%
The Skeld, Mira HQ Oxygen Depleted
100%
The Skeld, Mira HQ, Polus, The Airship, The Fungle, Submerged Comms Sabotaged
67%
The Skeld, Mira HQ, The Fungle Reactor Meltdown
67%
Polus Reset Seismic Stabilizers
67%
The Airship Avert Crash Course
33%
The Skeld, Polus, The Airship, The Fungle, Submerged Door Sabotage
33%
Submerged Retrieve Oxygen Mask
33%
Submerged Stabilize Water Levels
33%
No matching quizzes found
Score Distribution
Percent of People with Each Score
Percentile by Number Answered
Your Score History
You have not taken this quiz